Formula One Team Logos - Statistics

General Stats
  • This quiz has been taken 181 times
  • The average score is 19 of 28
Answer Stats
Picture Answer % Correct
Ferrari
98%
Mercedes
98%
Red Bull
98%
Jaguar
94%
Mclaren
94%
Renault
94%
Alpine
91%
Haas
90%
Alpha Tauri
88%
Force India
87%
Sauber
83%
Lotus
81%
Racing Point
79%
Toro Rosso
78%
Benetton
76%
Williams
72%
Marussia
57%
Jordan
51%
Vanwall
50%
Manor
47%
Stewart
44%
Toyota
41%
Midland
36%
Arrows
35%
Super Aguri
35%
Wolf
30%
Honda
29%
Hesketh
26%
No matching quizzes found
Score Distribution
Percent of People with Each Score
Percentile by Number Answered
Your Score History
You have not taken this quiz